Bhakti radicalism / (Record no. 169484)

MARC details
000 -LEADER
fixed length control field 00559nam a22001817a 4500
005 - DATE AND TIME OF LATEST TRANSACTION
control field 20191121143152.0
010 ## - LCCN (DPL NO)
LC control number ENG-126962
020 ## - INTERNATIONAL STANDARD BOOK NUMBER
International Standard Book Number 9789383657490
Terms of availability 35.00
035 ## - SYSTEM CONTROL NUMBER
System control number EN-110494
037 ## - SOURCE OF ACQUISITION
Source of stock number/acquisition DBAD/PUB
082 ## - DEWEY DECIMAL CLASSIFICATION NUMBER
Classification number 230.4
100 ## - MAIN ENTRY--PERSONAL NAME
Personal name Mani, Brij Ranjan
245 ## - TITLE STATEMENT
Title Bhakti radicalism /
Statement of responsibility, etc by Braj Ranjan Mani
260 ## - PUBLICATION, DISTRIBUTION, ETC. (IMPRINT)
Place of publication, distribution, etc New Delhi
Name of publisher, distributor, etc Critical Quest
Date of publication, distribution, etc 2019
270 ## - ADDRESS
Address 420, G/Block, Phase VI , Aya Nagar
City New Delhi
Postal code 110047
Telephone number 9910036543
Electronic mail address criticalquest@gmail.com
300 ## - PHYSICAL DESCRIPTION
Extent 40p.
Dimensions 21cm(pbk)
942 ## - ADDED ENTRY ELEMENTS (KOHA)
Source of classification or shelving scheme Dewey Decimal Classification
Item type English Books
Classification part 230.4
Call number suffix MAN
Holdings
Withdrawn status Lost status Not for loan Collection code Home library Current library Date acquired Source of acquisition Cost, normal purchase price Full call number Barcode Copy number Cost, replacement price Koha item type
      Non-fiction Ashok Vihar Ashok Vihar 21/11/2019 DBAD/PUB 35.00 230.4 MAN EN-110494 1 35.00 English Books

© Delhi Public Library
Hit Counter
free hit counter